| 000 | 00000nam##2200000za#4500 |
| 001 | 9.574078 |
| 003 | CaOODSP |
| 005 | 20210624184016 |
| 007 | cr ||||||||||| |
| 008 | 150406|1996||||xxc|||||o f|0| 0 eng|d |
| 022 | |a1488-5379 |
| 040 | |aCaOODSP|beng |
| 043 | |an-cn--- |
| 086 | 1 |aFs97-6/2112E-PDF |
| 110 | 1 |aCanada. |bDepartment of Fisheries and Oceans. |
| 245 | 10|aParasites as potential biological tags for capelin (Mallotus villosus) in the St. Lawrence estuary and gulf / |h[electronic resource]|c[by] J. Richard Arthur and Elaine Albert. |
| 260 | |aMont-Joli - Quebec : |bFisheries and Oceans Canada |c1996. |
| 300 | |a18p.|bmap, references, tables |
| 490 | 1 |aCanadian technical report of fisheries and aquatic sciences|x1488-5379|v2112 |
| 500 | |aThe catalogue number (Fs97-6/2112E) and ISSN (0706-6457) for the print edition have been incorrectly copied in this electronic publication. |
| 546 | |a(Résumé en français.) |
| 590 | |a12-23-Supp|b2012-05-28 |
| 720 | 1 |aArthur, J. Richard |
| 720 | 1 |aAlbert, Elaine |
| 776 | 0#|tParasites as potential biological tags for capelin (Mallotus villosus) in the St. Lawrence estuary and gulf / |w(CaOODSP)9.613332 |
| 830 | #0|aCanadian technical report of fisheries and aquatic sciences,|x1488-5379|v2112|w(CaOODSP)9.504449 |
| 856 | 40|ahttp://publications.gc.ca|qPDF|s630 KB|uhttps://publications.gc.ca/collections/collection_2012/mpo-dfo/Fs97-6-2112-eng.pdf|y2112 |